| 000 | 00508nam a2200181 a 4500 | ||
|---|---|---|---|
| 001 | 2016854 | ||
| 003 | AM-YeHGA | ||
| 005 | 20250908104459.0 | ||
| 008 | 250430s1894 ru |||||||||||||||1|rus|d | ||
| 040 | _aAM-YeHGA | ||
| 041 | 0 | _arus | |
| 100 | 1 | _aГюго, Виктор | |
| 245 | 1 | 0 |
_aМаска смеха : _bРоман / _cВиктор Гюго. |
| 260 |
_aМосква : _bБ. и., _c1894. |
||
| 300 |
_a356 с. : _bил. |
||
| 650 | 1 | 4 | _aФранцузская литература |
| 942 |
_2udc _cBK |
||
| 999 |
_c534565 _d534565 |
||